header

The imprint of another life (Record no. 14063)

MARC details
000 -LEADER
fixed length control field 01410nam a2200349 a 4500
082 04 - DEWEY DECIMAL CLASSIFICATION NUMBER
Classification number 810.9/355
100 1# - MAIN ENTRY--AUTHOR NAME
Personal name Homans, Margaret,
245 14 - TITLE STATEMENT
Title The imprint of another life
260 ## - PUBLICATION, DISTRIBUTION, ETC. (IMPRINT)
Place of publication Ann Arbor :
Name of publisher University of Michigan Press,
Year of publication 2013.
300 ## - PHYSICAL DESCRIPTION
Number of Pages xi, 300 p. :
Other physical details ill. (chiefly col.)
650 #0 - SUBJECT ADDED ENTRY--TOPICAL TERM
Topical Term American literature
Topical Term Families in literature.
Topical Term Adoption in literature.
Topical Term Narration (Rhetoric)
856 40 - ELECTRONIC LOCATION AND ACCESS
Uniform Resource Identifier http://site.ebrary.com/lib/rucke/Doc?id=10744866

No items available.

© 2026 Rongo University
Contact us: librarian | system librarian | Rongo university